000 01582cam a22003974i 4500
001 3654
003 FISKH
005 20240403091028.0
008 130131s2013 enk b 001 0 fre
010 _a 2012050646
020 _a9781781681169 (pbk. : alk. paper)
020 _a9782707174895
040 _aDLC
_beng
_cDLC
_erda
_dDLC
042 _apcc
043 _aaw-----
050 0 0 _aHD9560.6
_b.M58 2013
082 0 0 _a320.01/1
_223
100 1 _aMitchell, Timothy,
_d1955-
245 1 0 _aCarbon democracy :
_bpolitical power in the age of oil /
_cTimothy Mitchell.
264 1 _aLondon :
_bVerso,
_c2013.
300 _a292 pages :
_c21 cm.
336 _atext
_2rdacontent
337 _aunmediated
_2rdamedia
338 _avolume
_2rdacarrier
504 _aIncludes bibliographical references and index.
505 0 _aMachines of democracy -- The prize from fairyland -- Consent of the governed -- Mechanisms of goodwill -- Fuel economy -- Sabotage -- The crisis that never happened -- McJihad.
520 _aArgues that oil undermines democracy, and our ability to address the environmental crisis.
650 0 _aPetroleum industry and trade
_xPolitical aspects.
650 0 _aEnvironmental policy.
650 0 _aCarbon dioxide mitigation.
651 0 _aMiddle East
_xForeign relations
_zWestern countries.
651 0 _aWestern countries
_xForeign relations
_zMiddle East.
906 _a7
_bcbc
_corignew
_d1
_eecip
_f20
_gy-gencatlg
942 _2ddc
_cBK
_n0
999 _c3654
_d3654